| 000 | 00772nam a22001577a 4500 | ||
|---|---|---|---|
| 003 | OSt | ||
| 005 | 20150917110414.0 | ||
| 008 | 150917b xxu||||| |||| 00| 0 eng d | ||
| 040 | _cRUA | ||
| 082 | _aAGR GNE 2005 B031 Or.1 | ||
| 100 |
_9657 _aGNEL, TYMONY. |
||
| 245 | _aEffect of hill spacing on growth and yield for green mustard crop at crop station in royal universy of agriculture ឥទ្ធិពលចន្លោះគុម្ពទៅលើការលូតលាស់និងទិន្នផលដំណាំស្ពៃខៀវនៅស្ថានីយ៍ពិសោធន៍សាកលវិទ្យាល័យភូមិន្ទកសិកម្ម | ||
| 260 |
_aPhnom Penh _bRUA _c2005 |
||
| 300 |
_axi; 51p. _bill. _c29cm. |
||
| 942 |
_2ddc _cAGR |
||
| 999 |
_c635 _d635 |
||